|
|
|
|
| LEADER |
00000naa2a2200000 4500 |
| 001 |
153958 |
| 005 |
20231031151625.0 |
| 035 |
|
|
|a (RuTPU)RU\TPU\book\167008
|
| 090 |
|
|
|a 153958
|
| 100 |
|
|
|a 20090219d1985 k y0rusy50 ca
|
| 101 |
0 |
|
|a rus
|
| 102 |
|
|
|a RU
|
| 200 |
1 |
|
|a Гидрогеологические прогнозы разработки нефтяных месторождений юго-восточной части Западной Сибири
|f А. Д. Назаров [и др.]
|
| 463 |
|
0 |
|0 (RuTPU)RU\TPU\book\139054
|t Тезисы докладов Всесоюзного совещания по подземным водам Востока СССР
|o XI совещание по подземным водам Сибири и Дальнего Востока, Иркутск- Чита, 1985 г.
|f Академия наук СССР, Сибирское отделение; Читинский институт природных ресурсов; Всесоюзный научно-исследовательский институт гидрогеологии и инженерной геологии; под ред. Е. В. Пиннекера
|n [Б. и.]
|d 1985
|p 171 с.
|
| 610 |
1 |
|
|a труды учёных ТПУ
|
| 701 |
|
1 |
|a Назаров
|b А. Д.
|c российский гидрогеолог
|c доцент Томского политехнического университета, кандидат геолого-минералогических наук
|f 1938-
|g Александр Дмитриевич
|2 stltpush
|3 (RuTPU)RU\TPU\pers\26074
|4 070
|
| 701 |
|
1 |
|a Юшков
|b С. А.
|
| 701 |
|
1 |
|a Гусев
|b Е. В.
|c геолог
|c доцент Томского политехнического института, кандидат геолого-минералогических наук
|c выпускник Томского политехнического института 1973
|f 1951-
|g Евгений Владимирович
|2 stltpush
|3 (RuTPU)RU\TPU\pers\18580
|4 070
|
| 701 |
|
1 |
|a Шварцев
|b С. Л.
|c российский гидрогеолог, доктор геолого-минералогических наук
|c профессор Томского политехнического университета, академик РАЕН
|f 1936-
|g Степан Львович
|2 stltpush
|3 (RuTPU)RU\TPU\pers\25914
|4 070
|
| 801 |
|
1 |
|a RU
|b 63413507
|c 20090219
|g PSBO
|
| 801 |
|
2 |
|a RU
|b 63413507
|c 20131004
|g PSBO
|
| 942 |
|
|
|c BK
|